Kvalitní zaměstnanci - priorita číslo jedna

Nábor kvalitných absolventov a ich následné intenzívne vzdelávanie a rozvoj sú dlhodobo jednou z kľúčových priorít mnohých spoločností po celom svete. Príklad spoločnosti KPMG v Česku.

Guardado en:
Detalles Bibliográficos
Autor principal: Velíšková, Hana
Formato: Capítulo de libro
Lenguaje:checo
Materias:
Etiquetas: Agregar Etiqueta
Sin Etiquetas, Sea el primero en etiquetar este registro!

MARC

LEADER 00000naa a2200000 4500
001 0142333
005 20231113132656.0
041 0 |a cze 
044 |a CZ 
245 1 0 |a Kvalitní zaměstnanci - priorita číslo jedna  |c Hana Velíšková 
520 |a Nábor kvalitných absolventov a ich následné intenzívne vzdelávanie a rozvoj sú dlhodobo jednou z kľúčových priorít mnohých spoločností po celom svete. Príklad spoločnosti KPMG v Česku. 
610 2 0 |a zamestnanci 
610 2 0 |a kvalita 
610 2 0 |a nábor pracovníkov 
610 2 0 |a vzdelávanie ďalšie 
100 1 |a Velíšková, Hana